[Event "Baltic Zonal 2017"]
[Site "Liepaja"]
[Date "2017.06.22"]
[Round "9"]
[White "Sakalauskas, Vaidas"]
[Black "Sveshnikov, Vladimir"]
[Result "1-0"]
[WhiteElo "2344"]
[BlackElo "2383"]
[Annotator "TA"]
[PlyCount "64"]
[EventDate "2017.??.??"]
[EventType "swiss"]
[EventCountry "LAT"]
[SourceTitle "playchess.com"]
[Source "ChessBase"]
[SourceQuality "1"]

{[%evp 25,64,-2,26,-10,83,83,222,201,450,447,414,337,411,281,342,313,313,304,383,368,379,359,360,352,337,273,254,256,228,228,529,529,529,529,549,556,611,435,408,390,520]} 1. d4 d5 2. c4 e6 3. Nc3 c6 4. e3 {[%cal Be2e3,Be3e4,Be4e5,Be5e6][%mdl 32]} Nf6 5. Nf3 Nbd7 6. Bd3 dxc4 7. Bxc4 b5 8. Bd3 Bb7 9. e4 b4 10. Na4 c5 11. e5 Nd5 12. O-O cxd4 13. Nxd4 g6 {LiveBook: 13 Games. D47: Semi-Slav: Meran System} 14. f4 Be7 {[#]} (14... Bh6 $11) 15. f5 $1 $16 {[%cal Rf5e6][%mdl 512]} exf5 (15... gxf5 $2 {[#]} 16. Nxe6 $1 {[%mdl 512]} Qc8 17. Ng7+ Kd8 18. Bxf5 $18) (15... O-O $16) 16. e6 $18 N7f6 $2 (16... O-O) 17. Bb5+ Kf8 {[#]} 18. Bh6+ $146 ({Predecessor:} 18. Nxf5 gxf5 19. Bh6+ Kg8 20. Rxf5 fxe6 21. Rg5+ Kf7 22. Rg7+ Kf8 23. Qf3 Qd6 24. Rf1 Bc6 25. Qh5 {1-0 (25) Mamedyarov,S (2766)-Le,Q (2705) Moscow 2013}) 18... Kg8 {[#] next ...fxe6 is good for Black.} 19. Nxf5 $1 {[%mdl 512]} fxe6 (19... gxf5 20. Rxf5) 20. Qe2 {[%cal Re2e6]} Kf7 21. Nd4 {[%csl Gd4][%cal Re2e6]} Nc7 22. Rad1 Qd5 23. Bc4 Qe4 24. Qf2 {Black must now prevent Rde1.} Rhd8 25. Nc5 Qxg2+ 26. Qxg2 Bxg2 27. Ncxe6 $40 {[%mdl 128] Black is in trouble.} (27. Kxg2 Bxc5 28. Be3 Bb6 $15) 27... Bxf1 $2 (27... Bd5) 28. Nxd8+ (28. Rxf1 Nxe6 29. Nxe6 Ke8 $14) 28... Ke8 29. Bf7+ (29. Kxf1 Rxd8 30. Kg2 Ng4 $11) 29... Kd7 30. N4c6+ ({Not} 30. Kxf1 Bxd8 31. Nc2+ Kc6 $16) 30... Ncd5 31. Kxf1 Bxd8 32. Nxd8 ({But not} 32. Bxd5 Nxd5 33. Nxb4 Rb8 $18) ({Stronger than} 32. Rxd5+ Kxc6 33. Re5 Ng4 $11) 32... Ke7 {Precision: White = 47%, Black = 18%.} 1-0

[Event "Baltic Zonal 2017"]
[Site "Liepaja"]
[Date "2017.06.22"]
[Round "9"]
[White "Vaicekauskas, Gytis"]
[Black "Jankovskis, Guntis"]
[Result "0-1"]
[WhiteElo "2207"]
[BlackElo "2310"]
[Annotator "TA"]
[PlyCount "128"]
[EventDate "2017.??.??"]
[EventType "swiss"]
[EventCountry "LAT"]
[SourceTitle "playchess.com"]
[Source "ChessBase"]
[SourceQuality "1"]

{[%evp 11,128,50,64,33,42,34,31,12,19,-22,0,-33,0,-39,-43,-49,-49,-44,-39,-45,-47,-58,-55,-51,-15,-54,-54,-54,-47,-39,-15,-14,-24,-35,-31,-33,-43,-35,-41,-111,-106,-101,-94,-95,-74,-67,-79,-77,-58,-119,-118,-109,-116,-159,-129,-203,-203,-199,-185,-187,-183,-183,-177,-216,-200,-214,-205,-241,-207,-215,-177,-177,-177,-174,-170,-169,-119,-283,-181,-176,-179,-181,-27,-37,-58,-155,0,0,0,-690,-685,-684,-684,-683,-668,-662,-635,-718,-660,-2654,-2629,-29963,-29964,-29964,-29962,-29961,-29957,-6431,-2063,-29992,-2427,-2498,-1851,-1495,-1518,-29969,-29969,-29940,-29944]} 1. e4 c5 2. Nf3 e6 3. g3 d5 4. exd5 Qxd5 (4... exd5 5. d4 Nf6 6. Bg2 Be7 7. O-O O-O 8. dxc5 Bxc5 9. Nc3 Nc6 10. a3 h6 11. b4 Be7 12. Qd3 a6 13. Bb2 Be6 14. Ne2 Qc8 15. Nf4 Bf5 16. Qb3 Be4 17. Rad1 Qf5 {½-½ (46) Artemiev,V (2655)-Grachev,B (2650) Moscow 2017}) 5. Bg2 Nc6 6. O-O {B40: Sicilian: 2...e6, Unusual lines} Qd7 {LiveBook: 3 Games} 7. Nc3 Nge7 {[%cal Bg8e7,Be7f5,Bf5d4,Bd4f3][%mdl 32]} 8. d3 {White is slightly better.} Nf5 9. Bf4 Be7 10. Qd2 $146 ({Predecessor:} 10. a4 O-O 11. a5 f6 12. Re1 {½-½ (72) Priyadharshan,K (2407)-Bykhovsky,A (2522) Saint Louis 2012}) 10... O-O 11. Rfe1 Nfd4 12. Ne2 Nxf3+ 13. Bxf3 e5 14. Be3 b6 15. Bg2 Bb7 16. c3 Rad8 17. Rad1 Bf6 18. Bg5 Bxg5 19. Qxg5 h6 20. Qh5 f5 21. f4 Rde8 22. Qf3 Nd8 23. Qf2 Bxg2 24. Qxg2 Nc6 25. Nc1 (25. a3 $15) 25... exf4 $17 26. gxf4 Rf6 27. Kf1 Kh7 28. Rxe8 Qxe8 29. Re1 Qh5 {And now ...Rg6 would win.} 30. Ne2 (30. Qe2 $15 Qf7 31. Qf3) 30... Rg6 31. Ng3 Qh4 $36 {[%mdl 2048] White is under strong pressure.} 32. Qf2 Rg4 33. Re3 (33. Kg1 $17) 33... Rxf4 $19 34. Rf3 Qh3+ 35. Kg1 {[#]} Rxf3 $1 36. Qxf3 Ne7 37. d4 cxd4 38. cxd4 Qg4 39. Qd3 {If only White now had time for d5....} Qg6 40. Kf2 f4 41. Ne4 Nd5 42. Qf3 Qf5 43. h4 g6 44. Ke1 $2 (44. Nc3 $17 {might work better.} Ne7 45. Qe4) 44... Ne3 45. Nc3 g5 46. h5 g4 $2 (46... Kg7 $19 47. Qc6 Qf7) 47. Qb7+ $11 Kg8 48. Ne4 ({Better is} 48. Qb8+ $15 Kg7 49. d5) 48... Qa5+ $2 (48... g3 $17 {...Qa5+ is the strong threat.} 49. Qb8+ Qf8 50. Qxf8+ Kxf8) 49. Kf2 {aiming for Qc8+.} g3+ {[#]} ({Avoid the trap} 49... Qxa2 $2 50. Qb8+ Kg7 51. Qe5+ (51. Qxf4 Nd1+ 52. Ke1 Nxb2 $16) 51... Kg8 52. Qe8+ (52. Qxf4 Nd1+ 53. Kg1 Qf7 $14) 52... Kg7 53. Qg6+ Kf8 54. Qxh6+ Ke8 55. Qxf4 $18) 50. Kf3 $2 {[%mdl 8192]} (50. Nxg3 $1 $11 {[%mdl 512]} Ng4+ (50... fxg3+ 51. Kxe3) 51. Kf3 Nh2+ 52. Kg2 fxg3 53. Qc8+ Kf7 54. Qc7+ Kf6 55. Qc6+ Kg5 56. Qg6+ Kf4 57. Qxg3+ Ke4 58. Qg6+ Kxd4 59. Qxh6) 50... Qxh5+ $19 51. Kxf4 {Threatening mate with Nf6+.} Nd5+ 52. Kxg3 {Hoping for Qxd5+!} Qg6+ 53. Kh2 Qxe4 54. Qb8+ Kg7 55. Qxa7+ Kg6 56. Qa8 Qf4+ 57. Kh3 Qe3+ 58. Kh2 Qe2+ 59. Kg3 Nf6 (59... Qe1+ $142 60. Kh2 Qh4+ 61. Kg2 Qg4+ 62. Kh2 Qh4+ 63. Kg2 Qe4+ 64. Kg3 Qe1+ 65. Kh2 Qh4+) 60. Qa3 Qg4+ (60... Kg5 $142 61. Kh3 Qf1+ 62. Kg3 Ne4+ 63. Kh2 Qf2+ 64. Kh1 Kg4 65. d5 Ng3+ 66. Qxg3+ Kxg3 67. d6 Qh2#) 61. Kh2 Qh4+ 62. Kg2 Qxd4 63. b4 Ne4 64. Qf3 Qb2+ {Precision: White = 31%, Black = 60%.} 0-1